Probability analysis of the relation of salinity to freshwater discharge in the St. Sebastian River, Florida /

Bibliographic Details
Main Author: Wicklein, Shaun M.
Other Authors: Gain, W. Scott
Format: Government Document Book
Language:English
Published: Tallahassee, Fla. (227 North Bronough St., Suite 3015, Tallahassee 32301) : U.S. Department of the Interior, U.S. Geological Survey ; 1999.
Series:Water-resources investigations report ; 99-4003.
Subjects:
Online Access:https://purl.fdlp.gov/GPO/LPS24254

MARC

Tag First Indicator Second Indicator Subfields
LEADER 00000cam a2200000 a 4500
001 in00000003309
008 990427s1999 fluab b f000 0 eng
005 20230309222511.2
010 |a  99199371  
035 |a (OCoLC)ocm41255144 
035 |a (OCoLC)41255144 
035 |9 AJG3083AM 
035 |a in00000003309 
040 |a DLC  |c DLC  |d FBA  |d GPO  |d AGL  |d GPO  |d MvI  |d UtOrBLW 
042 |a pcc 
043 |a n-us-fl 
049 |a UDOC  |a WWW 
050 0 0 |a GB701  |b .W375 no. 99-4003  |a TD224.F6 
070 0 |a GB701.W375  |b no.99-4003 
072 0 |a P200 
074 |a 0624-B 
074 |a 0624-B (online) 
082 0 0 |a 553.7/0973 s  |a 333.91/62153/097592  |2 21 
086 0 |a I 19.42/4:99-4003 
100 1 |a Wicklein, Shaun M. 
245 1 0 |a Probability analysis of the relation of salinity to freshwater discharge in the St. Sebastian River, Florida /  |c by Shaun M. Wicklein and W. Scott Gain. 
264 1 |a Tallahassee, Fla. (227 North Bronough St., Suite 3015, Tallahassee 32301) :  |b U.S. Department of the Interior, U.S. Geological Survey ;  |c 1999. 
264 2 |a Denver, CO :  |b U.S. Geological Survey, Branch of Information Services [distributor], 
300 |a iv, 38 pages :  |b illustrations, map ;  |c 28 cm. 
336 |a text  |b txt  |2 rdacontent 
337 |a unmediated  |b n  |2 rdamedia 
338 |a volume  |b nc  |2 rdacarrier 
490 1 |a Water-resources investigations report ;  |v 99-4003 
500 |a Shipping list number: 99-0201-P. 
504 |a Includes bibliographical references (page 37). 
530 |a Also available via Internet from USGS web site. Address as of 3/3/03: http://fl.water.usgs.gov/Abstracts/wri99_4003_wicklein.html; current access is available via PURL. 
650 0 |a Water quality  |z Florida  |z Saint Sebastian River  |x Measurement. 
650 0 |a Salinity  |z Florida  |z Saint Sebastian River  |x Measurement. 
650 0 |a Water quality management  |z Florida  |z Saint Sebastian River. 
700 1 |a Gain, W. Scott. 
830 0 |a Water-resources investigations report ;  |v 99-4003. 
856 4 1 |u https://purl.fdlp.gov/GPO/LPS24254  |t 0 
999 |a MARS 
999 f f |i 68de0ff5-9478-3e94-b451-7a08c3895391  |s 8e0ed9e1-1f0d-35df-9db9-b652e1fb6d82  |t 0 
952 f f |p normal  |a Texas A&M University  |b College Station  |c Sterling C. Evans Library  |d Evans: US Documents (Annex 5th floor)  |t 0  |e I 19.42/4:99-4003  |h Superintendent of Documents classification  |i unmediated -- volume  |m A14824479951 
952 f f |a Texas A&M University  |b College Station  |c Electronic Resources  |d Available Online  |t 0  |e I 19.42/4:99-4003  |h Superintendent of Documents classification 
998 f f |a I 19.42/4:99-4003  |t 0  |l Available Online 
998 f f |a I 19.42/4:99-4003  |t 0  |l Evans: US Documents (Annex 5th floor)